<?xml version="1.0" encoding="UTF-8"?>
<record
    xmlns:xsi="http://www.w3.org/2001/XMLSchema-instance"
    xsi:schemaLocation="http://www.loc.gov/MARC21/slim http://www.loc.gov/standards/marcxml/schema/MARC21slim.xsd"
    xmlns="http://www.loc.gov/MARC21/slim">

  <leader>04439ngm a22006737a 4500</leader>
  <controlfield tag="008">110621s2004    cau|||||s|||| 00| 0 eng d</controlfield>
  <datafield tag="020" ind1=" " ind2=" ">
    <subfield code="a">078328814X</subfield>
  </datafield>
  <datafield tag="024" ind1=" " ind2=" ">
    <subfield code="a">025192445521</subfield>
  </datafield>
  <datafield tag="082" ind1="0" ind2="4">
    <subfield code="a">791.4375</subfield>
    <subfield code="b">DRA</subfield>
    <subfield code="2">22</subfield>
  </datafield>
  <datafield tag="245" ind1="0" ind2="4">
    <subfield code="a">Dracula</subfield>
    <subfield code="h">[videorecording] :</subfield>
    <subfield code="b">the Legacy Collection /</subfield>
    <subfield code="c">Universal Pictures</subfield>
  </datafield>
  <datafield tag="260" ind1=" " ind2=" ">
    <subfield code="a">Universal City, CA : </subfield>
    <subfield code="b">Universal , 2004.</subfield>
    <subfield code="c">2004</subfield>
  </datafield>
  <datafield tag="300" ind1=" " ind2=" ">
    <subfield code="a">2 videodiscs (ca. 397 min.) : </subfield>
    <subfield code="b">sd., b&amp;w ; </subfield>
    <subfield code="c">4 3/4 in.</subfield>
  </datafield>
  <datafield tag="500" ind1=" " ind2=" ">
    <subfield code="a">Originally released as motion pictures: Dracula (both versions) in 1931; Dracula's daughter in 1936; Son of Dracula in 1943; House of Dracula in 1945   </subfield>
  </datafield>
  <datafield tag="500" ind1=" " ind2=" ">
    <subfield code="a">Based on the novel by Bram Stoker</subfield>
  </datafield>
  <datafield tag="500" ind1=" " ind2=" ">
    <subfield code="a">Special features: original documentary "The Road to Dracula"; feature film commentary from film historian David J. Skal; alternate audio track (5.1 surround) with new score composed by Philip Glass, performed by the Kronos Quartet; introduction to Spanish version by star Lupita Tovar; theatrical trailers; newly remastered audio track   </subfield>
  </datafield>
  <datafield tag="505" ind1=" " ind2=" ">
    <subfield code="t">Disc 1 Dracula. Disc 2 -side one Dracula (Spanish version) Dracula's Daughter -- Disc 2-side two Son of Dracula and House of Dracula.</subfield>
  </datafield>
  <datafield tag="508" ind1=" " ind2=" ">
    <subfield code="a">(Dracula) director of photography, Karl Freund; produced by Carle Laemmle, Jr. ; directed by Tod Browning ; play script, Garrett Fort; (Dracula's daughter)directed by Lambert Hillyer ; screenplay, Garrett Fort; produced by, E. M. Asher; director of photography, George Robinson; (Son of Dracula) produced by Ford Beebe ; directed by Robert Siodmak ; screenplay, Eric Taylor; director of photography, George Robinson; (House of Dracula) produced by Paul Malvern ; directed by Erle C. Kenton ; original screenplay by Edward T. Lowe; director of photography, George Robinson</subfield>
  </datafield>
  <datafield tag="511" ind1=" " ind2=" ">
    <subfield code="a">Bela Lugosi, Helen Chandler, David Manners, Carlos Villar, Lupita Tovar, Barry Norton, Otto Kruger, Gloria Holden, Marguerite Churchill, Robert Paige, Louise Allbritton, Lon Chaney, John Carradine, Martha O'Driscoll.</subfield>
  </datafield>
  <datafield tag="520" ind1=" " ind2=" ">
    <subfield code="a">Dracula: The vampire Count Dracula arrives in England and begins to prey upon the young and virtuous Mina. Dracula's daughter: A hypnotic woman steals the body of Count Dracula and bloodless corpses start appearing in London again. Son of Dracula: Carpathian Count Alucard is invited to the United States by a young and morbid heiress. House of Dracula: Dracula arrives at Dr. Edelman's office asking for a cure to his vampirism.</subfield>
  </datafield>
  <datafield tag="521" ind1=" " ind2=" ">
    <subfield code="a">MPAA rating: Not rated   </subfield>
  </datafield>
  <datafield tag="538" ind1=" " ind2=" ">
    <subfield code="a">DVD, Region 1,NTSC;  full screen (1.33:1) presentation; Dolby Digital mono. </subfield>
  </datafield>
  <datafield tag="546" ind1=" " ind2=" ">
    <subfield code="a">All films in English, with optional English captions and Spanish and French subtitles, except, Dracula (Spanish version) in Spanish, with optional English and French subtitles.</subfield>
  </datafield>
  <datafield tag="650" ind1=" " ind2=" ">
    <subfield code="9">25636</subfield>
    <subfield code="a">Dracula, Count (Fictitious character)</subfield>
    <subfield code="v">Drama</subfield>
  </datafield>
  <datafield tag="653" ind1=" " ind2=" ">
    <subfield code="c">June2011</subfield>
    <subfield code="c">June2011</subfield>
  </datafield>
  <datafield tag="655" ind1=" " ind2=" ">
    <subfield code="a">Horror films</subfield>
  </datafield>
  <datafield tag="655" ind1=" " ind2=" ">
    <subfield code="a">Feature films</subfield>
  </datafield>
  <datafield tag="700" ind1=" " ind2=" ">
    <subfield code="9">25637</subfield>
    <subfield code="a">Lugosi, Bela</subfield>
    <subfield code="d">1882-1956</subfield>
    <subfield code="e">act</subfield>
  </datafield>
  <datafield tag="700" ind1=" " ind2=" ">
    <subfield code="9">25665</subfield>
    <subfield code="a">Lowe, Edward T.  </subfield>
    <subfield code="e">aus</subfield>
  </datafield>
  <datafield tag="700" ind1=" " ind2=" ">
    <subfield code="9">25663</subfield>
    <subfield code="a">Malvern, Paul</subfield>
    <subfield code="d">1902-1993   </subfield>
    <subfield code="e">pro</subfield>
  </datafield>
  <datafield tag="700" ind1=" " ind2=" ">
    <subfield code="9">25664</subfield>
    <subfield code="a">Kenton, Erle C.</subfield>
    <subfield code="d">1896-1980   </subfield>
    <subfield code="e">drt</subfield>
  </datafield>
  <datafield tag="700" ind1=" " ind2=" ">
    <subfield code="9">25662</subfield>
    <subfield code="a">Taylor, Eric</subfield>
    <subfield code="d">1897-1952   </subfield>
    <subfield code="e">aus</subfield>
  </datafield>
  <datafield tag="700" ind1=" " ind2=" ">
    <subfield code="9">25638</subfield>
    <subfield code="a">Chandler, Helen</subfield>
    <subfield code="d">1906-1965</subfield>
    <subfield code="e">act</subfield>
  </datafield>
  <datafield tag="700" ind1=" " ind2=" ">
    <subfield code="9">25639</subfield>
    <subfield code="a">Manners, David   </subfield>
    <subfield code="e">act</subfield>
  </datafield>
  <datafield tag="700" ind1=" " ind2=" ">
    <subfield code="9">25640</subfield>
    <subfield code="a">Villar, Carlos</subfield>
    <subfield code="d">1892-1976.</subfield>
    <subfield code="e">act</subfield>
  </datafield>
  <datafield tag="700" ind1=" " ind2=" ">
    <subfield code="9">25641</subfield>
    <subfield code="a">Tovar, Lupita   </subfield>
    <subfield code="e">act</subfield>
  </datafield>
  <datafield tag="700" ind1=" " ind2=" ">
    <subfield code="9">25642</subfield>
    <subfield code="a">Norton, Barry</subfield>
    <subfield code="e">act</subfield>
  </datafield>
  <datafield tag="700" ind1=" " ind2=" ">
    <subfield code="9">25643</subfield>
    <subfield code="a">Kruger, Otto</subfield>
    <subfield code="d">1885-1974   </subfield>
    <subfield code="e">act</subfield>
  </datafield>
  <datafield tag="700" ind1=" " ind2=" ">
    <subfield code="9">25644</subfield>
    <subfield code="a">Holden, Gloria</subfield>
    <subfield code="d">1908-1991   </subfield>
    <subfield code="e">act</subfield>
  </datafield>
  <datafield tag="700" ind1=" " ind2=" ">
    <subfield code="9">25645</subfield>
    <subfield code="a">Churchill, Marguerite   </subfield>
    <subfield code="e">act</subfield>
  </datafield>
  <datafield tag="700" ind1=" " ind2=" ">
    <subfield code="9">25646</subfield>
    <subfield code="a">Paige, Robert</subfield>
    <subfield code="d">1910-1987   </subfield>
    <subfield code="e">act</subfield>
  </datafield>
  <datafield tag="700" ind1=" " ind2=" ">
    <subfield code="9">25647</subfield>
    <subfield code="a">Allbritton, Louise</subfield>
    <subfield code="d">1920-1979</subfield>
    <subfield code="e">act</subfield>
  </datafield>
  <datafield tag="700" ind1=" " ind2=" ">
    <subfield code="9">25648</subfield>
    <subfield code="a">Chaney, Lon</subfield>
    <subfield code="e">act</subfield>
  </datafield>
  <datafield tag="700" ind1=" " ind2=" ">
    <subfield code="9">25650</subfield>
    <subfield code="a">O'Driscoll, Martha</subfield>
    <subfield code="d">1922-1998   </subfield>
    <subfield code="e">act</subfield>
  </datafield>
  <datafield tag="700" ind1=" " ind2=" ">
    <subfield code="9">25651</subfield>
    <subfield code="a">Freund, Karl</subfield>
    <subfield code="e">cng</subfield>
  </datafield>
  <datafield tag="700" ind1=" " ind2=" ">
    <subfield code="9">25652</subfield>
    <subfield code="a">Laemmle, Carl</subfield>
    <subfield code="d">1908-1979</subfield>
    <subfield code="e">pro</subfield>
  </datafield>
  <datafield tag="700" ind1=" " ind2=" ">
    <subfield code="9">25653</subfield>
    <subfield code="a">Browning, Tod</subfield>
    <subfield code="d">1882-1962   </subfield>
    <subfield code="e">drt</subfield>
  </datafield>
  <datafield tag="700" ind1=" " ind2=" ">
    <subfield code="9">25654</subfield>
    <subfield code="a">Fort, Garrett</subfield>
    <subfield code="e">aus</subfield>
  </datafield>
  <datafield tag="700" ind1=" " ind2=" ">
    <subfield code="9">25657</subfield>
    <subfield code="a"> Hillyer, Lambert</subfield>
    <subfield code="d">1893-1969   </subfield>
    <subfield code="e">drt</subfield>
  </datafield>
  <datafield tag="700" ind1=" " ind2=" ">
    <subfield code="9">25661</subfield>
    <subfield code="a">Siodmak, Robert</subfield>
    <subfield code="d">1900-1973   </subfield>
    <subfield code="e">drt</subfield>
  </datafield>
  <datafield tag="700" ind1=" " ind2=" ">
    <subfield code="9">25658</subfield>
    <subfield code="a">Asher, E. M. </subfield>
    <subfield code="e">pro</subfield>
  </datafield>
  <datafield tag="700" ind1=" " ind2=" ">
    <subfield code="9">25659</subfield>
    <subfield code="a">Robinson, George</subfield>
    <subfield code="e">pro</subfield>
    <subfield code="e">cng</subfield>
  </datafield>
  <datafield tag="700" ind1=" " ind2=" ">
    <subfield code="9">25660</subfield>
    <subfield code="a">Beebe, Ford   </subfield>
    <subfield code="e">pro</subfield>
  </datafield>
  <datafield tag="710" ind1=" " ind2=" ">
    <subfield code="9">25635</subfield>
    <subfield code="a">Universal Pictures (Firm) </subfield>
  </datafield>
  <datafield tag="740" ind1=" " ind2=" ">
    <subfield code="a">Dracula</subfield>
  </datafield>
  <datafield tag="740" ind1=" " ind2=" ">
    <subfield code="a">Dracula's Daughter</subfield>
  </datafield>
  <datafield tag="740" ind1=" " ind2=" ">
    <subfield code="a">Son of Dracula</subfield>
  </datafield>
  <datafield tag="740" ind1=" " ind2=" ">
    <subfield code="a">House of Dracula</subfield>
  </datafield>
  <datafield tag="942" ind1=" " ind2=" ">
    <subfield code="2">ddc</subfield>
    <subfield code="c">CDVDMOV</subfield>
  </datafield>
  <datafield tag="999" ind1=" " ind2=" ">
    <subfield code="c">15646</subfield>
    <subfield code="d">15646</subfield>
  </datafield>
  <datafield tag="952" ind1=" " ind2=" ">
    <subfield code="0">0</subfield>
    <subfield code="1">0</subfield>
    <subfield code="2">ddc</subfield>
    <subfield code="4">0</subfield>
    <subfield code="7">0</subfield>
    <subfield code="8">Baccah</subfield>
    <subfield code="a">MAIN</subfield>
    <subfield code="b">MAIN</subfield>
    <subfield code="c">2ND</subfield>
    <subfield code="d">2011-06-21</subfield>
    <subfield code="g">249.00</subfield>
    <subfield code="h">12512</subfield>
    <subfield code="l">2</subfield>
    <subfield code="m">1</subfield>
    <subfield code="o">791.4375 DRA</subfield>
    <subfield code="p">000024271</subfield>
    <subfield code="r">2022-08-24 00:00:00</subfield>
    <subfield code="s">2021-08-05</subfield>
    <subfield code="w">2011-06-21</subfield>
    <subfield code="y">CDVDN</subfield>
    <subfield code="z">2 DVDs</subfield>
  </datafield>
</record>
